书目信息 |
| 题名: |
复印机常见故障代码与检修实例
|
|
| 作者: | 张新德 , 刘淑华 编著 | |
| 分册: | ||
| 出版信息: | 北京 科学出版社 2000.05 |
|
| 页数: | 190页 | |
| 开本: | 26cm | |
| 丛书名: | ||
| 单 册: | ||
| 中图分类: | TB852.207 | |
| 科图分类: | ||
| 主题词: | 摄影--机具 , 摄影--设备 | |
| 电子资源: | ||
| ISBN: | 7-03-008043-2 | |
| 000 | 00684nam0 2200217 450 | |
| 001 | 0430187934 | |
| 005 | 20040409082307.43 | |
| 010 | @a7-03-008043-2@dCNY20.00 | |
| 100 | @a20040409d2000 km y0chiy0120 ea | |
| 101 | 0 | @achi |
| 102 | @aCN@b110000 | |
| 200 | 1 | @a复印机常见故障代码与检修实例@Afu yin ji chang jian gu zhang dai ma yu jian xiu shi li@f张新德,刘淑华编著@Fzhang xin de,liu shu hua bian zhu |
| 210 | @a北京@c科学出版社@d2000.05 | |
| 215 | @a190页@d26cm | |
| 606 | 0 | @a摄影@x机具 |
| 606 | 0 | @a摄影@x设备 |
| 690 | @aTB852.207@v4 | |
| 701 | 0 | @a张新德@Azhang xin de@4编著 |
| 701 | 0 | @a刘淑华@Aliu shu hua@4编著 |
| 801 | 0 | @aCN@bPFT@c20040409 |
| 905 | @aBZT@dTB852.207@e1@f5 | |
| 复印机常见故障代码与检修实例/张新德,刘淑华编著.-北京:科学出版社,2000.05 |
| 190页;26cm |
| ISBN 7-03-008043-2:CNY20.00 |
| ● |
| 相关链接 |
|
|
|
正题名:复印机常见故障代码与检修实例
索取号:TB852.207/1
 
预约/预借
| 序号 | 登录号 | 条形码 | 馆藏地/架位号 | 状态 | 备注 |
| 1 | 2001061911 | 2001061911 | 样本书库/样008架A面1层3列/ [索取号:TB852.207/1] | 在馆 |